000
00308nam a2200109Ia 4500
008
220204s9999 xx 000 0 und d
082
_a
339.138
_b
GUI
245
0
_a
Guide to the market of the federal republic of Germany
250
_a
Ed.2
260
_a
Bangkok
_b
Economic and Social Economic
_c
1981
942
_c
BK
999
_c
36290
_d
36290